[Event "Tuapse Rapid op"]
[Site "Tuapse"]
[Date "2021.07.06"]
[Round "2"]
[White "Kuznetsov, Sergei"]
[Black "Grachev, Boris V"]
[Result "0-1"]
[WhiteElo "2058"]
[BlackElo "2611"]
[PlyCount "22"]
[EventDate "2021.07.06"]
[EventType "swiss (rapid)"]
[EventRounds "9"]
[EventCountry "RUS"]
[SourceTitle "CBM 203 Extra"]
[Source "ChessBase"]
[SourceDate "2021.09.30"]
[SourceVersion "1"]
[SourceVersionDate "2021.09.30"]
[SourceQuality "1"]

1. d4 d5 2. c4 e6 3. Nc3 a6 4. cxd5 exd5 5. Bf4 Nf6 6. e3 Bd6 7. Bxd6 Qxd6 8. Bd3 0-0 9. h3 Re8 10. Qc2 Nc6 11. a3 Nxd4 0-1

[Event "Gorodets op"]
[Site "Gorodets"]
[Date "2012.05.03"]
[Round "5"]
[White "Ryabov, Alexander"]
[Black "Kuznetsov, Sergei"]
[Result "0-1"]
[WhiteElo "2026"]
[BlackElo "2356"]
[PlyCount "150"]
[EventDate "2012.04.29"]
[EventType "swiss"]
[EventRounds "9"]
[EventCountry "RUS"]
[SourceTitle "EXT 2022"]
[Source "ChessBase"]
[SourceDate "2021.10.06"]
[SourceVersion "1"]
[SourceVersionDate "2021.10.06"]
[SourceQuality "1"]

1. e4 c6 2. d4 d5 3. Nc3 dxe4 4. Nxe4 Bf5 5. Ng3 Bg6 6. Nf3 Nd7 7. h4 h6 8. Bd3 Bxd3 9. Qxd3 e6 10. Bd2 Ngf6 11. 0-0-0 Bd6 12. Ne4 Nxe4 13. Qxe4 Nf6 14. Qe2 Qc7 15. g3 0-0-0 16. c4 Qe7 17. Rhe1 Bb4 18. Bxb4 Qxb4 19. Ne5 Rhf8 20. Rd3 Nd7 21. Rb3 Qe7 22. Nf3 Nb6 23. Ra3 Qb4 24. Rb3 Qxc4+ 25. Qxc4 Nxc4 26. Rc3 Nb6 27. b3 Rd5 28. Kb2 Kb8 29. Rcc1 Nc8 30. Re3 Nd6 31. Rc5 Nf5 32. Re4 Rfd8 33. Rxd5 Rxd5 34. g4 Nd6 35. Rf4 f5 36. g5 Ne4 37. gxh6 gxh6 38. h5 Nxf2 39. Kc2 Ng4 40. Kc3 Kc7 41. Nd2 b5 42. Rf3 e5 43. dxe5 Rxe5 44. Rf4 Nf6 45. Rh4 Ne4+ 46. Nxe4 fxe4 47. Kd4 Kd6 48. Ke3 c5 49. Rh1 a5 50. Rg1 Rxh5 51. Kxe4 c4 52. bxc4 bxc4 53. Kd4 Rh4+ 54. Kc3 Kc5 55. Rg8 Rh3+ 56. Kb2 Rh2+ 57. Kc3 Rxa2 58. Rc8+ Kb5 59. Rb8+ Ka4 60. Rb1 Rg2 61. Kxc4 Rg4+ 62. Kc3 Rg6 63. Rh1 Rc6+ 64. Kb2 Rb6+ 65. Kc3 Kb5 66. Kb3 a4+ 67. Ka3 Ra6 68. Kb2 a3+ 69. Kb3 Kc5 70. Kc3 Kd5 71. Kd3 Ke5 72. Ke3 Kf5 73. Kf3 a2 74. Ra1 Ra3+ 75. Kg2 Ke4 0-1

[Event "Volodarskij Spring-A"]
[Site "Volodarskij"]
[Date "2007.07.01"]
[Round "7"]
[White "Kuznetsov, Sergei"]
[Black "Malinichev, Konstantin"]
[Result "1-0"]
[WhiteElo "2396"]
[BlackElo "2290"]
[PlyCount "97"]
[EventDate "2007.06.27"]
[EventType "tourn"]
[EventRounds "15"]
[EventCountry "RUS"]
[EventCategory "3"]
[SourceTitle "CBM 119 Extra"]
[Source "ChessBase"]
[SourceDate "2007.09.04"]
[SourceVersion "1"]
[SourceVersionDate "2007.09.04"]
[SourceQuality "1"]

1. e4 c5 2. Nf3 d6 3. d4 cxd4 4. Nxd4 Nf6 5. Nc3 Nc6 6. Bc4 e6 7. Be3 Be7 8. Qe2 a6 9. 0-0-0 Qc7 10. Bb3 0-0 11. Rhg1 Nd7 12. g4 Nc5 13. g5 b5 14. Nxc6 Nxb3+ 15. axb3 Qxc6 16. Bd4 b4 17. Qh5 bxc3 18. Qh6 cxb2+ 19. Kxb2 e5 20. Bxe5 Qxc2+ 21. Kxc2 dxe5 22. Qb6 Be6 23. Rd3 Rab8 24. Qa5 Rfc8+ 25. Kb2 Bc4 26. Rf3 Rb5 27. Qa4 Bc5 28. Qxc4 Bd4+ 29. Ka3 Rxc4 30. bxc4 Ra5+ 31. Kb4 Ra2 32. Rc1 a5+ 33. Kb3 Rb2+ 34. Ka3 Re2 35. Rb1 Bc5+ 36. Ka4 Bb4 37. Rd1 Kf8 38. Rd8+ Ke7 39. Rg8 Rxe4 40. Kb5 Ke6 41. Rxg7 Be7 42. Rgxf7 Bxg5 43. Rxh7 Bd2 44. Rd3 Be1 45. Re3 Rxe3 46. fxe3 Kf5 47. c5 Bb4 48. c6 Bd6 49. c7 1-0

[Event "Volodarskij Spring-A"]
[Site "Volodarskij"]
[Date "2007.07.01"]
[Round "6"]
[White "Tomilin, Artjom"]
[Black "Kuznetsov, Sergei"]
[Result "1-0"]
[WhiteElo "2365"]
[BlackElo "2396"]
[PlyCount "75"]
[EventDate "2007.06.27"]
[EventType "tourn"]
[EventRounds "15"]
[EventCountry "RUS"]
[EventCategory "3"]
[SourceTitle "CBM 119 Extra"]
[Source "ChessBase"]
[SourceDate "2007.09.04"]
[SourceVersion "1"]
[SourceVersionDate "2007.09.04"]
[SourceQuality "1"]

1. e4 c5 2. Ne2 d6 3. g3 Nc6 4. Bg2 g6 5. c3 Bg7 6. d4 cxd4 7. cxd4 Bg4 8. f3 Bd7 9. Be3 Nf6 10. Nbc3 0-0 11. 0-0 Qa5 12. Qd2 b5 13. b4 Qxb4 14. Rab1 Qa5 15. Rxb5 Qa6 16. Rfb1 Na5 17. R5b4 Rfc8 18. Bf1 Qc6 19. Bf2 d5 20. Qd3 Bf8 21. Rc1 Qd6 22. a3 dxe4 23. Nxe4 Nxe4 24. fxe4 Rxc1 25. Nxc1 Rc8 26. Ne2 Qc7 27. Nf4 e6 28. Rb1 Ba4 29. Qa6 Bc2 30. Rb5 Nc4 31. Rb7 Qc6 32. Qxc6 Rxc6 33. d5 Rc8 34. dxe6 fxe6 35. Bh3 Rc6 36. Bxe6+ Rxe6 37. Nxe6 Bxa3 38. Rg7+ 1-0

[Event "Russia CC op"]
[Site "Tula"]
[Date "2002.??.??"]
[Round "?"]
[White "Fomin, Andrey2222"]
[Black "Kuznetsov, Sergei"]
[Result "1-0"]
[WhiteElo "2220"]
[BlackElo "2411"]
[PlyCount "91"]
[EventDate "2002.??.??"]
[EventType "swiss"]
[EventRounds "9"]
[EventCountry "RUS"]
[SourceTitle "EXT 2010"]
[Source "ChessBase"]
[SourceDate "2010.11.25"]
[SourceVersion "1"]
[SourceVersionDate "2010.11.25"]
[SourceQuality "1"]

1. e4 e5 2. Nf3 Nc6 3. Nc3 Nf6 4. g3 d6 5. h3 a6 6. a4 Be7 7. Bg2 Bd7 8. 0-0 0-0 9. d4 exd4 10. Nxd4 Qc8 11. Kh2 h6 12. f4 Nxd4 13. Qxd4 c5 14. Qd1 Bc6 15. a5 Qd7 16. f5 Rfe8 17. Qd3 Rad8 18. Nd5 c4 19. Qd4 Nxd5 20. exd5 Bb5 21. Qg4 Bf6 22. c3 Kf8 23. Bf4 Re7 24. Qh5 Rde8 25. Bf3 Qc7 26. g4 Be5 27. Bxe5 Rxe5 28. Qh4 Qe7 29. Qxe7+ R8xe7 30. Kg3 Re3 31. Kf2 f6 32. Rfe1 Rxe1 33. Rxe1 Rxe1 34. Kxe1 Ke7 35. Kd2 Kd7 36. Ke3 Kc7 37. Kd4 b6 38. axb6+ Kxb6 39. Be2 Be8 40. Bxc4 g6 41. fxg6 Bxg6 42. Bd3 Be8 43. h4 Ba4 44. Ke4 Bd7 45. Be2 a5 46. Kd4 1-0